000 00353cam a2200145 4500
008 040914n2005 000 0 eng u
020 _a1405126493
035 _a(Sirsi) u127360
100 _aCornia, G
245 _aProperty taxation worldwide
260 _aBlackwells
_c2005
350 _a75.00
520 _aDue for publication 2005
942 _n0
999 _c103755
_d103755